[Event "Dubai HOC blitz op"]
[Site "Dubai"]
[Date "2019.08.11"]
[Round "3"]
[White "Landa, Konstantin"]
[Black "Muradli, Mahammad"]
[Result "1-0"]
[WhiteElo "2553"]
[BlackElo "2338"]
[PlyCount "23"]
[EventDate "2019.08.11"]
[EventType "swiss (blitz)"]
[EventRounds "9"]
[EventCountry "UAE"]
[SourceTitle "EXT 2020"]
[Source "ChessBase"]
[SourceDate "2019.10.17"]
[SourceVersion "1"]
[SourceVersionDate "2019.10.17"]
[SourceQuality "1"]

1. Nf3 Nf6 2. g3 g6 3. Bg2 Bg7 4. 0-0 0-0 5. d4 d5 6. Nbd2 c5 7. dxc5 Na6 8. Nb3 Ne4 9. Ne1 Be6 10. Nd3 Rc8 11. Be3 Bxb2 12. Nxb2 1-0

[Event "Dubai HOC blitz op"]
[Site "Dubai"]
[Date "2019.08.11"]
[Round "9"]
[White "Pranav, Vijay"]
[Black "Landa, Konstantin"]
[Result "1/2-1/2"]
[WhiteElo "2201"]
[BlackElo "2553"]
[PlyCount "133"]
[EventDate "2019.08.11"]
[EventType "swiss (blitz)"]
[EventRounds "9"]
[EventCountry "UAE"]
[SourceTitle "EXT 2020"]
[Source "ChessBase"]
[SourceDate "2019.10.17"]
[SourceVersion "1"]
[SourceVersionDate "2019.10.17"]
[SourceQuality "1"]

1. e4 c6 2. d4 d5 3. e5 c5 4. c4 cxd4 5. Nf3 e6 6. cxd5 Bb4+ 7. Bd2 Bxd2+ 8. Qxd2 Qxd5 9. Qxd4 Ne7 10. Nc3 Qxd4 11. Nxd4 Nbc6 12. Nxc6 Nxc6 13. Bb5 Bd7 14. f4 a6 15. Ba4 Ke7 16. 0-0 Rhd8 17. Rad1 Be8 18. h4 h5 19. g3 b5 20. Bc2 Nd4 21. Be4 Rac8 22. a3 Rc4 23. Bd3 Rcc8 24. Kf2 Bc6 25. Ke3 Bb7 26. Bb1 Nf5+ 27. Bxf5 exf5 28. Rxd8 Rxd8 29. Rd1 Rc8 30. Rd6 Rc4 31. Rb6 Rc7 32. Ne2 g6 33. Nd4 Bc8 34. Nc6+ Ke8 35. Nb4 Kf8 36. Rc6 Rxc6 37. Nxc6 f6 38. exf6 Kf7 39. Kd4 Kxf6 40. Kc5 Ke6 41. Nd4+ Kd7 42. Nf3 Ke6 43. Nd4+ Kd7 44. b4 Ke7 45. Nc6+ Ke6 46. Kb6 Kd6 47. Nb8 Kd5 48. Nxa6 Ke4 49. Kxb5 Kf3 50. Nc5 Kxg3 51. a4 Kxh4 52. a5 Kg3 53. a6 Bxa6+ 54. Kxa6 h4 55. b5 h3 56. b6 h2 57. b7 h1Q 58. b8Q Qa1+ 59. Kb7 Qb2+ 60. Kc8 Qxb8+ 61. Kxb8 Kxf4 62. Kc7 Ke3 63. Kd6 f4 64. Ke5 f3 65. Ne4 Ke2 66. Kf4 g5+ 67. Kf5 1/2-1/2

[Event "Dubai HOC blitz op"]
[Site "Dubai"]
[Date "2019.08.11"]
[Round "6"]
[White "Sindarov, Islombek"]
[Black "Landa, Konstantin"]
[Result "1/2-1/2"]
[WhiteElo "1847"]
[BlackElo "2553"]
[PlyCount "173"]
[EventDate "2019.08.11"]
[EventType "swiss (blitz)"]
[EventRounds "9"]
[EventCountry "UAE"]
[SourceTitle "EXT 2020"]
[Source "ChessBase"]
[SourceDate "2019.10.17"]
[SourceVersion "1"]
[SourceVersionDate "2019.10.17"]
[SourceQuality "1"]

1. e4 c6 2. c4 d5 3. exd5 cxd5 4. cxd5 Nf6 5. Bb5+ Nbd7 6. Nc3 a6 7. Qa4 g6 8. Nf3 Bg7 9. d4 0-0 10. Qa3 Nb6 11. Bd3 Nbxd5 12. Nxd5 Qxd5 13. 0-0 Bg4 14. Be2 Rac8 15. Be3 Qd8 16. h3 Bf5 17. Rac1 Nd5 18. Bd2 Qb6 19. Bc4 Be4 20. Ba5 Qd6 21. Qxd6 exd6 22. Nd2 Nf6 23. Nxe4 Nxe4 24. Bd5 Ng5 25. Bxb7 Rb8 26. Bxa6 Rxb2 27. Bc3 Rxa2 28. Bc4 Ra4 29. Bb3 Ra3 30. Bd5 Ne6 31. Bb4 Ra6 32. Bxe6 fxe6 33. d5 exd5 34. Rfd1 d4 35. Rc7 Rb8 36. Bd2 Rab6 37. Bf4 Rb1 38. Rcc1 Rxc1 39. Rxc1 Be5 40. Bh6 Kf7 41. Re1 Rb2 42. Kf1 Rc2 43. Re2 d3 44. Rxc2 dxc2 45. Bc1 g5 46. g3 Kg6 47. Ke2 Bd4 48. f3 Be5 49. f4 gxf4 50. gxf4 Bg7 51. Kd3 Kf5 52. Kxc2 Bh6 53. Kd3 Bxf4 54. Ba3 d5 55. Kd4 Ke6 56. Bc5 Bh2 57. Kd3 Kf5 58. Kd4 Ke6 59. Kd3 Be5 60. Bb6 Kf5 61. Be3 Bf4 62. Bb6 Bh2 63. Be3 Be5 64. Bc1 Kg6 65. Ke3 Kh5 66. Kf3 Kh4 67. Kg2 Bc3 68. Ba3 d4 69. Be7+ Kh5 70. Kf3 d3 71. Ke3 d2 72. Ke2 Kg6 73. Bh4 Kf5 74. Bg3 Ke4 75. Bh2 Bb4 76. Bg3 Kd4 77. Bf4 d1R 78. Kxd1 Ke4 79. Bc7 Kf3 80. h4 h5 81. Bd8 Bc3 82. Be7 Ba5 83. Bf6 Kf2 84. Bd4+ Kg3 85. Ke2 Bd8 86. Kf1 Kxh4 87. Kg2 1/2-1/2

[Event "CZE-chT 1819"]
[Site "Czech Republic"]
[Date "2019.04.21"]
[Round "11.1"]
[White "Landa, Konstantin"]
[Black "Velicka, Petr"]
[Result "1-0"]
[WhiteElo "2616"]
[BlackElo "2423"]
[PlyCount "117"]
[EventDate "2018.11.03"]
[EventType "team-tourn"]
[EventRounds "11"]
[EventCountry "CZE"]
[SourceTitle "CBM 190 Extra"]
[Source "ChessBase"]
[SourceDate "2019.07.15"]
[SourceVersion "1"]
[SourceVersionDate "2019.07.15"]
[SourceQuality "1"]
[WhiteTeam "Lysa nad Labem"]
[BlackTeam "Ostrava Labortech"]
[WhiteTeamCountry "CZE"]
[BlackTeamCountry "CZE"]

1. e4 c6 2. d4 d5 3. exd5 cxd5 4. Bd3 Nc6 5. c3 Nf6 6. h3 g6 7. Bf4 Bf5 8. Be2 Qb6 9. Qb3 Qxb3 10. axb3 Bxb1 11. Rxb1 Bg7 12. Nf3 0-0 13. 0-0 a6 14. Rfe1 e6 15. b4 Ne4 16. Ra1 Rfd8 17. Ra2 Bf8 18. Rea1 Rac8 19. Rd1 Bd6 20. Be3 Be7 21. g3 Kg7 22. Kg2 h6 23. Ne5 Bg5 24. f4 Be7 25. Nd3 h5 26. Nc5 Nxc5 27. bxc5 Rb8 28. b4 Rdc8 29. f5 gxf5 30. Bf4 Ra8 31. Rda1 Kg6 32. b5 Nb8 33. h4 Bd8 34. bxa6 Nxa6 35. Bxa6 Rxa6 36. Rxa6 bxa6 37. Rxa6 Be7 38. Kf3 Bxc5 39. dxc5 Rxc5 40. Be5 Rb5 41. Bd4 Rb1 42. Ra8 f6 43. Ra6 Kf7 44. Bc5 Rc1 45. Bb4 Rf1+ 46. Ke2 Rg1 47. Ra7+ Kg6 48. Bf8 f4 49. gxf4 Kf5 50. Rf7 Rg2+ 51. Kd3 Rg3+ 52. Kc2 Rg2+ 53. Kb3 Rg3 54. Be7 Rg6 55. Rf8 Rh6 56. Kb4 e5 57. fxe5 Kxe5 58. Kc5 Rg6 59. Bxf6+ 1-0

[Event "CZE-chT 1819"]
[Site "Czech Republic"]
[Date "2019.04.20"]
[Round "10.2"]
[White "Bobras, Piotr"]
[Black "Landa, Konstantin"]
[Result "1/2-1/2"]
[WhiteElo "2487"]
[BlackElo "2616"]
[PlyCount "40"]
[EventDate "2018.11.03"]
[EventType "team-tourn"]
[EventRounds "11"]
[EventCountry "CZE"]
[SourceTitle "CBM 190 Extra"]
[Source "ChessBase"]
[SourceDate "2019.07.15"]
[SourceVersion "1"]
[SourceVersionDate "2019.07.15"]
[SourceQuality "1"]
[WhiteTeam "Poruba Slavoj"]
[BlackTeam "Lysa nad Labem"]
[WhiteTeamCountry "CZE"]
[BlackTeamCountry "CZE"]

1. e4 c6 2. d4 d5 3. Nc3 dxe4 4. Nxe4 Bf5 5. Ng3 Bg6 6. h4 h6 7. Nf3 Nd7 8. h5 Bh7 9. Bd3 Bxd3 10. Qxd3 e6 11. Bd2 Ngf6 12. 0-0-0 Be7 13. Kb1 Qb6 14. Nh4 Bb4 15. c3 Bd6 16. c4 0-0-0 17. c5 Nxc5 18. dxc5 Bxc5 19. Qf3 Bxf2 20. Bc3 Bd4 1/2-1/2

[Event "CZE-chT 1819"]
[Site "Czech Republic"]
[Date "2019.02.10"]
[Round "8.1"]
[White "Landa, Konstantin"]
[Black "Polak, Tomas"]
[Result "1/2-1/2"]
[WhiteElo "2616"]
[BlackElo "2503"]
[PlyCount "31"]
[EventDate "2018.11.03"]
[EventType "team-tourn"]
[EventRounds "11"]
[EventCountry "CZE"]
[SourceTitle "CBM 188 Extra"]
[Source "ChessBase"]
[SourceDate "2019.02.26"]
[SourceVersion "1"]
[SourceVersionDate "2019.02.26"]
[SourceQuality "1"]
[WhiteTeam "Lysa nad Labem"]
[BlackTeam "Brno Moravska Slavia"]
[WhiteTeamCountry "CZE"]
[BlackTeamCountry "CZE"]

1. d4 Nf6 2. c4 e6 3. Nc3 d5 4. cxd5 exd5 5. Bg5 c6 6. e3 Be7 7. Bd3 Nbd7 8. h3 Nb6 9. Qf3 h6 10. Bxf6 Bxf6 11. Nge2 Bg5 12. Ng3 g6 13. 0-0 0-0 14. b4 a6 15. a4 Qd6 16. Rab1 1/2-1/2

[Event "Sharjah op blitz"]
[Site "Sharjah"]
[Date "2018.05.25"]
[Round "8"]
[White "Landa, Konstantin"]
[Black "Sargissian, Gabriel"]
[Result "1/2-1/2"]
[WhiteElo "2616"]
[BlackElo "2680"]
[PlyCount "25"]
[EventDate "2018.05.25"]
[EventType "swiss (blitz)"]
[EventRounds "9"]
[EventCountry "UAE"]
[SourceTitle "CBM 184 Extra"]
[Source "ChessBase"]
[SourceDate "2018.06.28"]
[SourceVersion "1"]
[SourceVersionDate "2018.06.28"]
[SourceQuality "1"]

1. Nf3 Nf6 2. g3 d5 3. Bg2 c6 4. 0-0 Bg4 5. h3 Bh5 6. d4 e6 7. c4 Be7 8. cxd5 exd5 9. Qb3 Qb6 10. Qe3 Qd8 11. Qb3 Qb6 12. Qe3 Qd8 13. Qb3 1/2-1/2

[Event "Sharjah op rapid"]
[Site "Sharjah"]
[Date "2018.05.24"]
[Round "3"]
[White "Abdisalimov, Abdimalik"]
[Black "Landa, Konstantin"]
[Result "1/2-1/2"]
[WhiteElo "2317"]
[BlackElo "2616"]
[PlyCount "67"]
[EventDate "2018.05.23"]
[EventType "swiss (rapid)"]
[EventRounds "9"]
[EventCountry "UAE"]
[SourceTitle "CBM 184 Extra"]
[Source "ChessBase"]
[SourceDate "2018.06.28"]
[SourceVersion "1"]
[SourceVersionDate "2018.06.28"]
[SourceQuality "1"]

1. c4 c5 2. Nc3 Nc6 3. g3 g6 4. Bg2 Bg7 5. e3 e6 6. Nge2 Nge7 7. 0-0 0-0 8. Nf4 Rb8 9. b3 a6 10. Bb2 b5 11. d3 Bb7 12. Qe2 Qb6 13. Rac1 Ne5 14. Ne4 bxc4 15. dxc4 f5 16. Bxe5 Bxe5 17. Nc3 Bxg2 18. Nxg2 Rfd8 19. Rfd1 Nc6 20. Na4 Qa7 21. Ne1 Bg7 22. Nd3 d6 23. Rd2 Qe7 24. Rcd1 g5 25. Qf3 Rbc8 26. h3 Rf8 27. Qh5 Rcd8 28. Ne1 h6 29. Nd3 Kh7 30. Qf3 Qc7 31. Qh5 Qe7 32. Qf3 Qc7 33. Qh5 Qe7 34. Qf3 1/2-1/2

[Event "Karlsruhe Grenke op"]
[Site "Karlsruhe"]
[Date "2018.04.02"]
[Round "9"]
[White "Landa, Konstantin"]
[Black "Santos Latasa, Jaime"]
[Result "1/2-1/2"]
[WhiteElo "2613"]
[BlackElo "2549"]
[PlyCount "49"]
[EventDate "2018.03.29"]
[EventType "swiss"]
[EventRounds "9"]
[EventCountry "GER"]
[SourceTitle "CBM 183 Extra"]
[Source "ChessBase"]
[SourceDate "2018.04.19"]
[SourceVersion "1"]
[SourceVersionDate "2018.04.19"]
[SourceQuality "1"]

1. d4 Nf6 2. c4 e6 3. Nc3 Bb4 4. e3 0-0 5. Bd3 d5 6. cxd5 exd5 7. Nge2 Re8 8. 0-0 Bf8 9. Bd2 a6 10. Rc1 b5 11. Nf4 Bb7 12. Bb1 Nbd7 13. Nce2 a5 14. Qe1 b4 15. f3 Bd6 16. Qf2 Nf8 17. Nd3 Ne6 18. Nef4 Nxf4 19. Nxf4 Nd7 20. e4 dxe4 21. fxe4 Bxe4 22. Ne6 fxe6 23. Bxe4 Rf8 24. Qe3 Rb8 25. Bxh7+ 1/2-1/2

[Event "Karlsruhe Grenke op"]
[Site "Karlsruhe"]
[Date "2018.03.30"]
[Round "2"]
[White "Landa, Konstantin"]
[Black "Riehle, Marco"]
[Result "1/2-1/2"]
[WhiteElo "2613"]
[BlackElo "2273"]
[PlyCount "109"]
[EventDate "2018.03.29"]
[EventType "swiss"]
[EventRounds "9"]
[EventCountry "GER"]
[SourceTitle "CBM 183 Extra"]
[Source "ChessBase"]
[SourceDate "2018.04.19"]
[SourceVersion "1"]
[SourceVersionDate "2018.04.19"]
[SourceQuality "1"]

1. d4 d5 2. Bf4 e6 3. e3 Bd6 4. Bg3 Nf6 5. Nd2 c5 6. c3 0-0 7. Ngf3 Nc6 8. Bd3 Re8 9. Ne5 Bxe5 10. dxe5 Nd7 11. Nf3 Qc7 12. 0-0 g6 13. e4 Ndxe5 14. Nxe5 Nxe5 15. Bb5 Rd8 16. Bh4 Rd6 17. Bf6 Rb6 18. a4 c4 19. exd5 exd5 20. Bxe5 Qxe5 21. Re1 Qf6 22. Re8+ Kg7 23. Qd2 Rd6 24. Rd1 a6 25. Bxc4 Re6 26. Rxe6 fxe6 27. Bb3 Bd7 28. f4 Bc6 29. Re1 Rd8 30. Re5 h6 31. h4 Qxh4 32. Rxe6 Rf8 33. Qd4+ Rf6 34. Bxd5 Bxd5 35. Qxd5 Rxe6 36. Qxe6 Qxf4 37. Qd7+ Qf7 38. Qd4+ Kh7 39. b4 Qe7 40. b5 axb5 41. axb5 h5 42. c4 h4 43. Kf2 g5 44. Kf3 Kh6 45. Qe4 Qf6+ 46. Ke2 Qb2+ 47. Kd3 Qb1+ 48. Kd4 Qg1+ 49. Ke5 Qc5+ 50. Ke6 Qc8+ 51. Kd6 g4 52. Qf4+ Kg6 53. Qe4+ Kh6 54. Qf4+ Kg6 55. Qe4+ 1/2-1/2

[Event "Karlsruhe Grenke op"]
[Site "Karlsruhe"]
[Date "2018.03.29"]
[Round "1"]
[White "Korba, Roman"]
[Black "Landa, Konstantin"]
[Result "0-1"]
[WhiteElo "2142"]
[BlackElo "2613"]
[PlyCount "50"]
[EventDate "2018.03.29"]
[EventType "swiss"]
[EventRounds "9"]
[EventCountry "GER"]
[SourceTitle "CBM 183 Extra"]
[Source "ChessBase"]
[SourceDate "2018.04.19"]
[SourceVersion "1"]
[SourceVersionDate "2018.04.19"]
[SourceQuality "1"]

1. d4 d5 2. Bf4 c5 3. e3 Nf6 4. c3 Qb6 5. Qb3 c4 6. Qc2 g6 7. Nd2 Bf5 8. Qc1 Nc6 9. Ngf3 Bg7 10. Be2 0-0 11. h3 Qd8 12. b3 b5 13. a4 a6 14. 0-0 Qb6 15. Ne5 Nxe5 16. Bxe5 Ne4 17. Bxg7 Kxg7 18. g4 Be6 19. f4 cxb3 20. f5 Ng3 21. Bd3 bxa4 22. Rxa4 Nxf1 23. Qxf1 Qc7 24. fxe6 Qg3+ 25. Kh1 fxe6 0-1

[Event "Reykjavik op"]
[Site "Reykjavik"]
[Date "2018.03.13"]
[Round "8"]
[White "Landa, Konstantin"]
[Black "Hamitevici, Vladimir"]
[Result "1-0"]
[WhiteElo "2613"]
[BlackElo "2512"]
[PlyCount "39"]
[EventDate "2018.03.06"]
[EventType "swiss"]
[EventRounds "9"]
[EventCountry "ISL"]
[SourceTitle "CBM 183 Extra"]
[Source "ChessBase"]
[SourceDate "2018.04.19"]
[SourceVersion "1"]
[SourceVersionDate "2018.04.19"]
[SourceQuality "1"]

1. d4 Nf6 2. c4 b6 3. Nc3 Bb7 4. Qc2 d5 5. cxd5 Nxd5 6. e4 Nxc3 7. bxc3 e6 8. Nf3 Be7 9. Bb2 0-0 10. Bd3 c5 11. d5 exd5 12. exd5 Qxd5 13. Bxh7+ Kh8 14. 0-0 Bf6 15. Rad1 Qxa2 16. Qf5 Bxf3 17. gxf3 Qxb2 18. Qh5 Bg5 19. Be4+ Bh6 20. Rd6 1-0

[Event "Bundesliga 1718"]
[Site "Germany"]
[Date "2018.02.24"]
[Round "9.4"]
[White "Landa, Konstantin"]
[Black "Hertneck, Gerald"]
[Result "1-0"]
[WhiteElo "2607"]
[BlackElo "2496"]
[PlyCount "111"]
[EventDate "2017.10.21"]
[EventType "team-tourn"]
[EventRounds "15"]
[EventCountry "GER"]
[SourceTitle "CBM 183"]
[Source "ChessBase"]
[SourceDate "2018.03.14"]
[SourceVersion "1"]
[SourceVersionDate "2018.03.14"]
[SourceQuality "1"]
[WhiteTeam "Muelheim"]
[BlackTeam "Muenchen Zugzwang"]
[WhiteTeamCountry "GER"]
[BlackTeamCountry "GER"]

1. Nf3 Nf6 2. g3 d5 3. Bg2 c6 4. 0-0 Bf5 5. d3 h6 6. c4 e6 7. cxd5 exd5 8. Qb3 Qb6 9. Qc2 Be7 10. Nc3 0-0 11. e4 Bh7 12. Be3 Qa6 13. Rfd1 Nbd7 14. exd5 cxd5 15. Bd4 Rfd8 16. Qb3 Nc5 17. Bxc5 Bxc5 18. d4 Bf8 19. Ne5 Qb6 20. Qxb6 axb6 21. a3 Ne4 22. Rac1 f6 23. Ng4 Rac8 24. Nb5 Rc6 25. Ne3 Rdc8 26. Ra1 Rd8 27. Na7 Re6 28. Rac1 f5 29. Rc7 f4 30. gxf4 Bd6 31. f5 Bxf5 32. Rc8 Rxc8 33. Nxc8 Bg6 34. Nxd5 b5 35. Re1 Bf5 36. Ne3 Bh7 37. Nd5 Bf8 38. Nc3 Re8 39. Nb6 Nd6 40. Rxe8 Nxe8 41. Nxb5 Bd3 42. Nc3 Nd6 43. Bd5+ Kh7 44. Nd7 Be7 45. Nc5 Ba6 46. b4 Bf6 47. N3e4 Nb5 48. Nxf6+ gxf6 49. Be4+ f5 50. Bxf5+ Kg7 51. a4 Nxd4 52. Ne6+ Nxe6 53. Bxe6 b5 54. axb5 Bxb5 55. f4 Kf6 56. Bh3 1-0

[Event "Paderborn op 14th"]
[Site "Paderborn"]
[Date "2017.12.29"]
[Round "5"]
[White "Levin, Felix"]
[Black "Landa, Konstantin"]
[Result "1/2-1/2"]
[WhiteElo "2475"]
[BlackElo "2604"]
[PlyCount "25"]
[EventDate "2017.12.27"]
[EventType "swiss"]
[EventRounds "7"]
[EventCountry "GER"]
[SourceTitle "CBM 182 Extra"]
[Source "ChessBase"]
[SourceDate "2018.02.23"]
[SourceVersion "1"]
[SourceVersionDate "2018.02.23"]
[SourceQuality "1"]

1. d4 d5 2. c4 e6 3. Nc3 a6 4. cxd5 exd5 5. Qb3 Nf6 6. Bg5 c6 7. e3 Be7 8. Nf3 Nbd7 9. Bd3 h6 10. Bf4 Nh5 11. Bg3 0-0 12. Rd1 Re8 13. 0-0 1/2-1/2

[Event "Paderborn op 14th"]
[Site "Paderborn"]
[Date "2017.12.28"]
[Round "4"]
[White "Landa, Konstantin"]
[Black "Barzen, Pascal"]
[Result "1-0"]
[WhiteElo "2604"]
[BlackElo "2247"]
[PlyCount "111"]
[EventDate "2017.12.27"]
[EventType "swiss"]
[EventRounds "7"]
[EventCountry "GER"]
[SourceTitle "CBM 182 Extra"]
[Source "ChessBase"]
[SourceDate "2018.02.23"]
[SourceVersion "1"]
[SourceVersionDate "2018.02.23"]
[SourceQuality "1"]

1. Nf3 Nf6 2. g3 e6 3. Bg2 d5 4. 0-0 Be7 5. b3 0-0 6. Bb2 c5 7. c4 Nc6 8. e3 b6 9. Qe2 Bb7 10. Rd1 Rc8 11. d3 Qd7 12. e4 d4 13. e5 Ne8 14. Nbd2 f5 15. exf6 gxf6 16. Nh4 Ng7 17. Ndf3 f5 18. Bc1 Bf6 19. Bf4 Rce8 20. Ne5 Nxe5 21. Bxe5 Bxg2 22. Nxg2 Bxe5 23. Qxe5 Nh5 24. Re1 Qg7 25. Re2 Qxe5 26. Rxe5 Kf7 27. Rae1 Rg8 28. f3 Rg6 29. Nh4 Rgg8 30. Ng2 Rg6 31. a3 a5 32. R5e2 a4 33. b4 b5 34. cxb5 cxb4 35. axb4 Rb8 36. Ra1 Rxb5 37. Rxa4 e5 38. Ra7+ Kf6 39. Rxh7 Ng7 40. Nh4 Rg5 41. Rh6+ Kf7 42. Kf2 f4 43. g4 Rxb4 44. Ng2 Rb5 45. Rc2 Ne6 46. h4 Rg8 47. Rh7+ Kg6 48. Ra7 Nc5 49. Ke2 Rf8 50. Rc7 Na4 51. R2c6+ Rf6 52. h5+ Kg5 53. Rg7+ Kh6 54. Rcc7 Nc3+ 55. Kf2 Rb2+ 56. Kg1 1-0

[Event "Paderborn op 14th"]
[Site "Paderborn"]
[Date "2017.12.27"]
[Round "1"]
[White "Altenbernd, Jannis Domenik"]
[Black "Landa, Konstantin"]
[Result "0-1"]
[WhiteElo "1987"]
[BlackElo "2604"]
[PlyCount "74"]
[EventDate "2017.12.27"]
[EventType "swiss"]
[EventRounds "7"]
[EventCountry "GER"]
[SourceTitle "CBM 182 Extra"]
[Source "ChessBase"]
[SourceDate "2018.02.23"]
[SourceVersion "1"]
[SourceVersionDate "2018.02.23"]
[SourceQuality "1"]

1. d4 d5 2. Nf3 Nf6 3. c4 e6 4. Nc3 a6 5. cxd5 exd5 6. Bg5 Be6 7. e3 Nbd7 8. Bd3 h6 9. Bh4 Bd6 10. 0-0 0-0 11. Rc1 Re8 12. Bb1 c6 13. Qc2 Qc7 14. e4 Nxe4 15. Nxe4 dxe4 16. Qxe4 Nf8 17. Rfe1 Bxa2 18. Qxe8 Rxe8 19. Rxe8 Be6 20. Ne5 Qb6 21. Bg3 Qxb2 22. Rd1 Qe2 23. Rf1 Bxe5 24. Bxe5 Bc4 25. Rc1 f6 26. Rxf8+ Kxf8 27. Bd6+ Kf7 28. Bf4 g5 29. Be3 a5 30. Bc2 b5 31. h3 a4 32. Bd1 Qb2 33. Bh5+ Kg7 34. Re1 Bf7 35. Bc1 Qc3 36. Re7 Qxc1+ 37. Kh2 Qc4 0-1

[Event "Andorra op 35th"]
[Site "Escaldes"]
[Date "2017.07.30"]
[Round "9"]
[White "Bergsson, Stefan"]
[Black "Landa, Konstantin"]
[Result "0-1"]
[WhiteElo "2060"]
[BlackElo "2617"]
[PlyCount "42"]
[EventDate "2017.07.22"]
[EventType "swiss"]
[EventRounds "9"]
[EventCountry "AND"]
[SourceTitle "CBM 179 Extra"]
[Source "ChessBase"]
[SourceDate "2017.08.23"]
[SourceVersion "1"]
[SourceVersionDate "2017.08.23"]
[SourceQuality "1"]

1. c4 e5 2. Nc3 Bb4 3. g3 Bxc3 4. dxc3 d6 5. Bg2 Ne7 6. b3 Nbc6 7. e4 Be6 8. a4 Qd7 9. a5 0-0 10. h4 b6 11. axb6 axb6 12. Rxa8 Rxa8 13. f4 exf4 14. gxf4 f5 15. Nh3 fxe4 16. Nf2 e3 17. Ne4 Ra2 18. Rg1 d5 19. Nf6+ gxf6 20. cxd5 Kf8 21. dxe6 Qxe6 0-1

[Event "Andorra op 35th"]
[Site "Escaldes"]
[Date "2017.07.24"]
[Round "3"]
[White "Kaspi, Alexander"]
[Black "Landa, Konstantin"]
[Result "1/2-1/2"]
[WhiteElo "2435"]
[BlackElo "2617"]
[PlyCount "69"]
[EventDate "2017.07.22"]
[EventType "swiss"]
[EventRounds "9"]
[EventCountry "AND"]
[SourceTitle "CBM 179 Extra"]
[Source "ChessBase"]
[SourceDate "2017.08.23"]
[SourceVersion "1"]
[SourceVersionDate "2017.08.23"]
[SourceQuality "1"]

1. c4 e6 2. Nc3 c5 3. e4 Nc6 4. g3 g6 5. Bg2 Bg7 6. Nge2 Nge7 7. a3 0-0 8. 0-0 Nd4 9. d3 Nec6 10. Rb1 a5 11. a4 d6 12. h3 e5 13. Kh2 Be6 14. Nb5 Nxe2 15. Qxe2 Qd7 16. Bd2 Rae8 17. b3 f5 18. f4 b6 19. Rbe1 exf4 20. Bxf4 Nd4 21. Nxd4 Bxd4 22. Qd2 Bg7 23. exf5 Bxf5 24. Rxe8 Rxe8 25. g4 Be6 26. Re1 Bf7 27. Rxe8+ Qxe8 28. Bxd6 Be5+ 29. Bxe5 Qxe5+ 30. Kg1 Qd4+ 31. Kf1 Qf6+ 32. Ke2 Qe5+ 33. Kf1 Qf6+ 34. Ke2 Qe5+ 35. Kf1 1/2-1/2